Manual de fisiologia y asistencia respiratoria mecanica neonatal. (Registro nro. 379)

Detalles MARC
000 -LEADER
fixed length control field 00973 am a2200253 a 4500
005 - FECHA ULTIMA MODIFICACION
control field 20240625110505.0
008 - CAMPO DE CONTROL (LIBRO)
fixed length control field 100616s1993||||ag a f |||| 001 0 spa d
020 ## - INTERNATIONAL STANDARD BOOK NUMBER
ISBN S/N
041 ## - CODIGO DE IDIOMA
Código de idioma del texto/pista de sonido o título separado spa
092 ## - SIGNATURA TOPOGRAFICA DEWEY LOCAL
número de clasificación 618.9203
libristica 47
sección LAR
100 1# - ENTRADA PRINCIPAL--NOMBRE PERSONAL
Nombre personal Larguía, A. Miguel.
9 (RLIN) 1205
245 ## - TITULO PROPIAMENTE DICHO
Título Manual de fisiologia y asistencia respiratoria mecanica neonatal.
Subtítulo y Título paralelo Instructivos y actualizaciones /
Mención de responsabilidad y remanente de la transcripción de la portada A. Miguel Larguía
250 ## - MENCION DE EDICION
Mención de edición 1a ed.
260 ## - PIE DE IMPRENTA
Lugar de publicación, distribución, etc Buenos Aires:
Nombre de la editorial, distribuidor, etc PUMA ; Hospital Materno-Infantil Ramón Sarda;
Fecha de publicación 1993.
300 ## - DESCRIPCION FISICA
Extension 236 p.
500 ## - NOTA GENERAL
Nota general Larguía, A. M. y Boccaccio, C. (1993). Manual de fisiología y asistencia respiratoria mecánica neonatal. Instructivos y actualizaciones. (1a ed.). Buenos Aires : PUMA ; Hospital Materno-Infantil Ramón Sarda.
590 ## - NOTAS LOCALES (RLIN)
Nota local Donación Sr. Plieger
653 ## - TÉRMINO INDIZADO - PALABRAS CLAVES
Palabra clave Fisiología
653 ## - TÉRMINO INDIZADO - PALABRAS CLAVES
Palabra clave Asistencia respiratoria
653 ## - TÉRMINO INDIZADO - PALABRAS CLAVES
Palabra clave Neonatología
700 1# - ENTRADAS SECUNDARIAS - NOMBRE PERSONAL
Nombre personal Boccaccio, Cristina.
9 (RLIN) 1206
930 ## - NUMERO DE INVENTARIO
Número de inventario 1680
942 ## - ADDED ENTRY ELEMENTS (KOHA)
Source of classification or shelving scheme Dewey Decimal Classification
Item type Libros
Existencias
Estado de retiro Existencia Estado general No para prestamo Ubicación permanente ubicación actual Sala de ubicación Fecha de adquisición Total Checkouts Número de clasificación Código de barras Date last seen Número de ejemplar Price effective from Koha tipo de elemento (item)
        Biblioteca Medicina Biblioteca Medicina Circulación 13/05/2011   618.9203 47 LAR 1680 06/11/2014 ej.1 13/05/2011 Libros

UNIVERSIDAD NACIONAL DEL COMAHUE
Biblioteca de la Facultad de Ciencias Médicas
Sede Toschi: Los Arrayanes y Av. Toschi, Cipolletti  - Rio Negro
Sede Los Tordos:  Yrigoyen al 2211, Cipolletti - Rio Negro 

Teléfono: 0299 - 4774707 int 25
Contacto: biblioteca@facimed.uncoma.edu.ar
© 2011 - 2026